| 000 | 01107cam a22003255i 4500 | ||
|---|---|---|---|
| 001 | 17057256 | ||
| 003 | EG-ScBUE | ||
| 005 | 20251221111207.0 | ||
| 008 | 111125t2011 flua f b 001 0 eng d | ||
| 020 | _a9780849339295 | ||
| 040 |
_aEG-ScBUE _beng _erda _cEG-ScBUE _dEG-ScBUE |
||
| 082 | 0 | 4 |
_a547.7 _bYOU _222 |
| 100 | 1 |
_aYoung, R. J., _938440 _d1948- _eauthor. |
|
| 245 | 1 | 0 |
_aIntroduction to polymers / _cRobert J. Young and Peter A. Lovell. |
| 250 | _aThird edition. | ||
| 264 | 1 |
_aBoca Raton, Florida : _bCRC Press / Taylor & Francis Group, _c[2011] |
|
| 264 | 4 | _cc2011 | |
| 300 |
_axx, 668 pages : _billustrations ; _c26 cm |
||
| 336 |
_2rdacontent _atext _btxt |
||
| 337 |
_2rdamedia _aunmediated _bn |
||
| 338 |
_2rdacarrier _avolume _bnc |
||
| 504 | _aIncludes bibliographical references and index. | ||
| 650 | 7 |
_aPolymers. _2BUEsh _95875 |
|
| 650 | 7 |
_aPolymerization. _2BUEsh _96762 |
|
| 653 |
_bENGGEN _bENGCHE _cAugust2015 _cSeptember2015 _cJanuary2016 |
||
| 653 |
_bENGCHE _cOctober2016 |
||
| 655 | _vReading book | ||
| 700 | 1 |
_aLovell, P. A. _q(Peter A.) _941627 _eauthor. |
|
| 942 |
_2ddc _cBB |
||
| 999 |
_c20481 _d20453 |
||